Premier League Players 2020/21 By Name - N - Statistics

General Stats
  • This quiz has been taken 41 times
    32 since last reset
  • The average score is 7 of 12
Answer Stats
Club Nation Position Player % Correct
Wolves Portugal MF Ruben Neves
93%
Tottenham Hotspur France MF Tanguy Ndombele
87%
Arsenal England FW Eddie Nketiah
80%
Wolves Portugal FW Pedro Neto
80%
Leicester City Nigeria MF Wilfred Ndidi
80%
West Ham United England MF Mark Noble
60%
Sheffield United Northern Ireland MF Oliver Norwood
60%
Arsenal England FW Reiss Nelson
60%
Aston Villa Zimbabwe MF Marvelous Nakamba
40%
Everton France DF Niels Nkounkou
40%
Southampton England FW Dan N'Lundulu
20%
Burnley England GK Will Norris
20%
No matching quizzes found
Score Distribution
Percent of People with Each Score
Percentile by Number Answered
Your Score History
You have not taken this quiz since the last reset